Представление документа в формате MARC21

ПолеНазваниеЗначение
  Тип записи a
  Библиографический уровень m
001 Контрольный номер RU\infra-m\znanium\bibl\2236937
005 Дата корректировки 20260429142117.6
008 Кодируемые данные 260120s2025 RU g rus u
020 Индекс ISBN __
a ISBN 978-5-00223-368-7
040 Источник каталогиз. __
a Служба первич. каталог. Общество с ограниченной ответственностью «ЗНАНИУМ»
041 Код языка издания __
a Код языка текста rus
044 Код страны публикации __
a Код страны публикации RU
080 Индекс УДК __
a Индекс УДК 002
084 Индекс другой классификации/Индекс ББК __
2 Источник индекса rubbk
a Индекс другой классификации/Индекс ББК 76
084 Индекс другой классификации/Индекс ББК __
2 Источник индекса okso
a Индекс другой классификации/Индекс ББК 45.03.01
084 Индекс другой классификации/Индекс ББК __
2 Источник индекса okso
a Индекс другой классификации/Индекс ББК 45.03.02
084 Индекс другой классификации/Индекс ББК __
2 Источник индекса okso
a Индекс другой классификации/Индекс ББК 45.03.99
245 Заглавие __
a Заглавие Читательский билет. Литературное путешествие по миру отечественных буквоедов, книготорговцев и библиофилов
b Продолж. заглавия Научно-популярная литература
250 Сведения об издании __
a Основные сведения об издании 1
260 Выходные данные __
a Место издания Москва
b Издательство ООО "Альпина Паблишер"
c Дата издания 2026
300 Физическое описание __
a Объем 464 с.
520 Аннотация __
a Аннотация Эта книга — увлекательное путешествие в мир русской литературы где главная героиня — сама книга. В антологии Юлии Щербининой собраны самые разные истории: от реалистичных зарисовок до мистических новелл от сатирических сценок до трогательных воспоминаний о детстве. Пять разделов антологии расскажут о том какую роль играла книга в жизни разных слоев общества как работала книжная торговля где за раритетные издания платили целые состояния и какие легенды придавали книгам мистический флер. В антологии представлены как широко известные российские авторы XIX-XX веков (И. Гончаров А. Чехов А. Куприн М. Горький) так и полузабытые чьи произведения также полны очарования.
521 Примеч. о цел. назн. __
a Примеч. о целев. назн. Дополнительное образование взрослых
650 Тематические рубрики __
a Основная рубрика Художественная литература. Досуг
x Основная подрубрика Советская литература
655 Указ. предметных рубрик (устаревшее) __
a Жанр/ форма (устаревшее) Научно-популярная литература
700 Другие авторы __
a Другие авторы Щербинина Ю.
q Полное имя Щербинина Юлия
856 Электронный адрес документа 4_
a Имя сервера/домена znanium.ru
m Помощь ebs_support@infra-m.ru
n Местонахождение сервера НИЦ ИНФРА-М
u URL https://znanium.ru/catalog/document?id=474697
856 Электронный адрес документа 48
a Имя сервера/домена znanium.ru
d Путь /cover/2236
f Электронное имя 2236937.jpg
q Тип электронного формата image/jpeg
u URL https://znanium.ru/cover/2236/2236937.jpg
911 __
u 0030=https://znanium.ru/catalog/document?id=474697